|
|
|
|
| LEADER |
00000ny a22000003n 4500 |
| 005 |
20110623105010.0 |
| 008 |
060505s2005 sp s 000 0 spa c |
| 017 |
|
|
|a D.L. M.50707-2005
|
| 020 |
|
|
|a 8480047283
|
| 035 |
|
|
|a 1589
|
| 040 |
|
|
|a UMA.DER
|d vLex
|
| 040 |
|
|
|a UMA.RE
|d vLex
|
| 080 |
|
|
|a 340.13
|
| 080 |
|
|
|a 35.07
|
| 090 |
|
|
|c 1036
|d 1036
|
| 100 |
1 |
|
|a Sur̀ez Colla̕, Jos ̌Mara̕
|
| 245 |
1 |
3 |
|a La retroactividad
|h [Recurso electrn̤ico]
|b normas jurd̕icas retroactivas e irretroactivas /
|c Jos ̌Mara̕ Sur̀ez Colla̕
|
| 256 |
|
|
|a Servicio en ln̕ea
|
| 260 |
|
|
|a Madrid :
|b Centro de Estudios Ramn̤ Areces,
|c D.L. 2005
|
| 300 |
|
|
|a 190 p. ;
|c 25 cm
|
| 504 |
|
|
|a Índice onoms̀tico
|
| 506 |
1 |
|
|a Contenido solo disponible en los productos indicados
|d vLex Global
|d vLex Global (Academic Edition, excluding Law Schools)
|d vLex Global (U.S. Academic Edition, Law Schools)
|d vLex Global (U.S. Academic Edition, excluding Law Schools)
|d vLex Global (Academic Edition, Law Schools)
|
| 650 |
0 |
7 |
|2 Tesauro vLex
|a Cd̤igo civil
|
| 650 |
0 |
7 |
|2 Tesauro vLex
|a Teora̕ general del derecho
|
| 740 |
0 |
|
|a vLex Libros (Servicios en ln̕ea)
|
| 856 |
4 |
0 |
|z Acceso restringido
|u http://vlex.com/source/1589
|
| 942 |
|
|
|c BOOK
|